Estrategias metodológicas para el aprendizaje autónomo en el ámbito de la filología hispánica /

সংরক্ষণ করুন:
গ্রন্থ-পঞ্জীর বিবরন
অন্যান্য লেখক: López Martín, Ismael (Editor)
বিন্যাস: বৈদ্যুতিন গ্রন্থ
ভাষা:স্প্যানিশ
প্রকাশিত: Cáceres, España : Universidad de Extremadura, 2024.
মালা:Manuales UEX ; 127.
বিষয়গুলি:
অনলাইন ব্যবহার করুন:https://elibro.unach.elogim.com/es/lc/unach/titulos/271177
ট্যাগগুলো: ট্যাগ যুক্ত করুন
কোনো ট্যাগ নেই, প্রথমজন হিসাবে ট্যাগ করুন!

MARC

LEADER 00000nam a2200000 i 4500
001 ELB271177
003 FINmELB
005 20241022160015.0
006 m o d |
007 cr cnu||||||||
008 240929s2024 sp o 001 0 spa d
020 |a 9788491272342  |q (e-book) 
035 |a (OCoLC)1463444222 
040 |a FINmELB  |b spa  |e rda  |c FINmELB 
050 4 |a LB1025.3  |b E822 2024 
080 |a 37.013 
082 0 4 |a 371.3  |2 23 
245 0 0 |a Estrategias metodológicas para el aprendizaje autónomo en el ámbito de la filología hispánica /  |c Ismael López Martín (editor). 
264 1 |a Cáceres, España :  |b Universidad de Extremadura,  |c 2024. 
300 |a 1 recurso en línea (150 páginas) 
336 |a texto  |b txt  |2 rdacontent/spa 
337 |a computadora  |b c  |2 rdamedia/spa 
338 |a recurso en línea  |b cr  |2 rdacarrier/spa 
490 1 |a Manuales UEX ;  |v 127 
500 |a Incluye índice. 
588 |a Descripción basada en metadatos suministrados por el editor y otras fuentes. 
590 |a Recurso electrónico. Santa Fe, Arg.: elibro, 2024. Disponible vía World Wide Web. El acceso puede estar limitado para las bibliotecas afiliadas a elibro. 
650 4 |a Educación  |x Filosofía. 
650 4 |a Educación  |x Metodología. 
655 4 |a Libros electrónicos. 
700 1 |a López Martín, Ismael,  |e editor. 
797 2 |a elibro, Corp. 
830 0 |a Manuales UEX ;  |v 127. 
856 4 0 |u https://elibro.unach.elogim.com/es/lc/unach/titulos/271177